Proceedings of the Regional Workshop on Mainstreaming Urban Poverty Reduction in Sub-Saharan Africa 21-24 September 1998 Nairobi, Kenya. (Record no. 13507)

MARC details
000 -LEADER
fixed length control field 00713nam a22002052 4500
001 - CONTROL NUMBER
control field 0000012680
005 - DATE AND TIME OF LATEST TRANSACTION
control field 20151217155852.0
008 - FIXED-LENGTH DATA ELEMENTS--GENERAL INFORMATION
fixed length control field 090309s xx 000 0 eng d
020 ## - INTERNATIONAL STANDARD BOOK NUMBER
International Standard Book Number 9211314151 :
040 ## - CATALOGING SOURCE
Original cataloging agency KABU
Transcribing agency KABU
110 2# - MAIN ENTRY--CORPORATE NAME
Corporate name or jurisdiction name as entry element African Forum on Urban Poverty.
-- 0000169568
245 10 - TITLE STATEMENT
Title Proceedings of the Regional Workshop on Mainstreaming Urban Poverty Reduction in Sub-Saharan Africa 21-24 September 1998 Nairobi, Kenya.
250 ## - EDITION STATEMENT
Edition statement 1st ed.
260 ## - PUBLICATION, DISTRIBUTION, ETC. (IMPRINT)
Place of publication, distribution, etc. Nairobi :
Name of publisher, distributor, etc. Habitat,
Date of publication, distribution, etc. 1998.
300 ## - PHYSICAL DESCRIPTION
Extent vii, 95 p.
650 #0 - SUBJECT ADDED ENTRY--TOPICAL TERM
Topical term or geographic name as entry element Urban poor
General subdivision Congresses
Geographic subdivision Africa, Sub-Saharan.
-- 0000169569
852 1# - LOCATION
-- p200 KES
908 ## - PUT COMMAND PARAMETER (RLIN)
Put command parameter 090309
950 ## - LOCAL HOLDINGS (RLIN)
-- 1
Holdings
Withdrawn status Lost status Source of classification or shelving scheme Not for loan Home library Current library Date acquired Total Checkouts Full call number Barcode Date last seen Price effective from Koha item type
    Library of Congress Classification   Kabarak, Main Campus Kabarak, Main Campus 17/12/2015   HV4157 .A35A37 1998 17080 17/12/2015 17/12/2015 Africana Collection
Designed with assistance from East African Informatics Ltd